[Event "Turkey IS Bank Super League 2017"]
[Site "Darica-Kocaeli"]
[Date "2017.08.03"]
[Round "8"]
[White "Ivanchuk, Vassily"]
[Black "Kuzubov, Yuriy"]
[Result "1/2-1/2"]
[WhiteElo "2729"]
[BlackElo "2646"]
[Annotator "TA"]
[PlyCount "59"]
[EventType "team-tourn"]
[EventCountry "TUR"]

{[%evp 13,59,32,47,33,39,41,45,18,24,29,31,22,20,10,18,10,17,4,19,-4,2,0,4,0,0,0,0,2,0,0,0,-7,0,0,0,0,-5,-10,0,0,0,-5,0,-1,0,0,0,0]} 1. e4 e5 2. Nf3 Nf6 3. Nxe5 d6 4. Nf3 Nxe4 5. d4 d5 6. Bd3 Be7 7. O-O Nd6 8. c3 {C42: Petroff Defence: 3 Nxe5 and unusual White 3rd moves} (8. Bf4 O-O 9. h3 Re8 10. c3 Nd7 11. Qc2 Nf8 12. Nbd2 g6 13. Qb3 Be6 14. Rfe1 Rb8 15. Nf1 a6 16. Ne3 {½-½ (51) Vovk,A (2641)-Mihok,O (2498) Hungary 2016}) 8... Nd7 {[%cal Bb8d7,Bd7f8,Bf8e6][%mdl 32]} 9. Re1 O-O 10. Qc2 {White is slightly better.} g6 11. Bf4 Re8 12. Nbd2 {[%cal Bb1d2,Bd2f1,Bf1e3,Be3c4][%mdl 32]} Nf8 {The position is equal.} 13. Rac1 $146 ({Find the theoretical novelty and annotate with similar games:} 13. c4 dxc4 14. Nxc4 Nxc4 15. Bxc4 Be6 16. Qb3 Bxc4 17. Qxc4 c6 {½-½ (17) Iermito,S (2492)-Slipak,S (2456) Buenos Aires 2016}) 13... c6 14. h3 Ne6 15. Bh2 Bf8 16. Nf1 Bh6 17. Ne3 Bf4 18. Rcd1 Bxh2+ 19. Kxh2 Ng5 20. Nxg5 Qxg5 21. Qd2 Bd7 22. Nc4 Qxd2 23. Nxd2 Bf5 24. Bxf5 Nxf5 25. Kg1 Kf8 26. Kf1 Nd6 27. Rxe8+ Rxe8 28. Re1 Rxe1+ 29. Kxe1 Ke7 30. Ke2 {Precision: White = 42%, Black = 82%.} 1/2-1/2

[Event "Turkey IS Bank Super League 2017"]
[Site "Darica-Kocaeli"]
[Date "2017.08.03"]
[Round "8"]
[White "Mamedov, Rauf"]
[Black "Mamedov, Nijat"]
[Result "1-0"]
[WhiteElo "2680"]
[BlackElo "2589"]
[Annotator "TA"]
[PlyCount "51"]
[EventType "team-tourn"]
[EventCountry "TUR"]

{[%evp 17,51,9,23,0,17,11,12,12,12,14,25,0,11,18,17,25,18,13,83,74,159,163,159,157,316,317,311,320,380,380,378,375,644,643,947,956]} 1. e4 e5 2. Bc4 Nf6 3. d3 c6 4. Nf3 d5 5. Bb3 Bd6 6. Nc3 dxe4 7. Ng5 O-O 8. Ncxe4 Nxe4 9. Nxe4 Bf5 {LiveBook: 90 Games} 10. Ng3 {C24: Bishop's Opening: 2...Nf6} (10. Qf3 Bxe4 11. dxe4 Nd7 12. a3 Nc5 13. Ba2 Qh4 14. Be3 b6 15. O-O-O Rad8 16. g4 Qe7 17. h4 Ne6 18. Kb1 Bc5 19. Bxe6 fxe6 20. Qg3 Bxe3 21. fxe3 {½-½ (21) Motylev,A (2665)-Fridman,D (2605) Minsk 2017}) 10... Bc8 $146 ({Find the theoretical novelty and annotate with similar games:} 10... Bg6 11. h4 h6 12. Qg4 Kh8 13. h5 Bh7 14. Nf5 Bxf5 15. Qxf5 Qd7 16. g4 Qxf5 17. gxf5 Nd7 {½-½ (62) Vorobiov,E (2537)-Hovhannisyan,R (2319) Moscow 2008}) 11. Qh5 Nd7 12. Bg5 {The position is equal.} Qa5+ 13. Bd2 Qd8 14. Bg5 (14. Nf5 $5 {[%cal Rf5d6]} Nf6 15. Qg5 Bxf5 16. Qxf5 $11) 14... Qa5+ 15. c3 Nc5 $1 {[%cal Rc5b3]} 16. Bc2 Ne6 17. Ne4 Nxg5 (17... Bc7 $11 {remains equal.}) 18. Nxd6 $16 Ne6 ({Black should play} 18... Qd8) 19. d4 $1 {[%csl Gc2][%cal Rh5h7] [#]} g6 20. Qxe5 $40 {[%mdl 128] White is out for blood.} Qa6 $2 (20... Qd5 $16 21. O-O Rd8) 21. h4 $18 Ng7 22. h5 Bg4 {[#] Strongly threatening ...Rfe8!} 23. hxg6 ({Avoid the trap} 23. h6 $2 Rfe8 $17) 23... hxg6 {aiming for ...Rfe8.} 24. Bb3 c5 $2 (24... Rad8) 25. f3 Bh5 26. O-O-O {Precision: White = 80%, Black = 33%.} 1-0

[Event "Turkey IS Bank Super League 2017"]
[Site "Darica-Kocaeli"]
[Date "2017.08.03"]
[Round "8"]
[White "Markus, Robert"]
[Black "Topak, Engin"]
[Result "1-0"]
[WhiteElo "2672"]
[BlackElo "2192"]
[Annotator "TA"]
[PlyCount "83"]
[EventType "team-tourn"]
[EventCountry "TUR"]

{[%evp 24,83,16,14,47,39,47,39,56,31,35,34,42,43,61,68,212,208,419,419,410,412,407,396,395,395,395,395,380,373,468,155,174,149,152,84,90,48,56,56,58,52,72,54,129,129,606,635,616,587,550,528,935,912,1768,1641,1564,1421,29970,29969,29958,11143]} 1. d4 Nf6 2. c4 e6 3. Nf3 d5 4. e3 Be7 5. b3 O-O 6. Bd3 Nbd7 7. O-O b6 8. Nc3 Bb7 9. Bb2 c5 10. cxd5 cxd4 11. Nxd4 Nxd5 12. Nxd5 Bxd5 13. Qe2 {[#]} a5 $146 {E14: Queen's Indian: Classical Variation (4 e3)} ({Predecessor:} 13... Nc5 14. Bc4 Bf6 15. Rfd1 Qd7 16. Nf5 Bxb2 17. Qxb2 exf5 18. Rxd5 Qc8 19. Rc1 g6 20. b4 Ne4 21. f3 {1-0 (34) Radjabov,T (2713)-Wang,H (2735) Beijing 2013}) 14. Rfd1 {[%cal Bf1d1,Bd1d5,Bd5h5][%mdl 32] And now e4 would win.} Nc5 15. Bc2 Qc7 {[#]White is slightly better.} 16. Nf5 $1 {[%mdl 512]} exf5 17. Rxd5 g6 18. g4 fxg4 19. Qxg4 $40 {[%mdl 128] aiming for Rh5. Black needs to defend precisely.} Ne6 {[#]} (19... Qc8 $14 20. Bf5 (20. Qd4 f6 $14) 20... Qb7) 20. Bxg6 $1 $18 {[%mdl 512]} hxg6 $2 {[#]} (20... fxg6 21. Qxe6+ Rf7) 21. Rh5 $1 {[%csl Gb2][%cal Rh5h8]} Ng7 {[#]} 22. Qd4 $1 {[%csl Gb2][%cal Rd4g7][%mdl 512]} f6 23. Qd5+ Ne6 24. Qxe6+ Kg7 25. Rd5 Rad8 26. Rc1 Qb7 27. e4 $2 (27. Rxd8 $18 {and the rest is easy. Black must now prevent Rd7.} Rxd8 28. Rc6) 27... Rxd5 $16 28. exd5 {Strongly threatening Rc6.} Bc5 {[#]} 29. Rc4 (29. Re1 $142 $1) 29... Qf7 30. Re4 {Hoping for Qc6.} Rd8 $1 31. Rf4 {[%cal Rb2f6]} Qxe6 32. dxe6 $14 {[%mdl 4096] Endgame KRB-KRB} Be7 33. Rd4 Rxd4 (33... Kf8 $14) 34. Bxd4 {KB-KB} b5 $2 {[%mdl 8192]} (34... Bd8 $16) 35. Kg2 $18 Kf8 36. Kf3 f5 37. Kf4 a4 38. Ke5 axb3 39. axb3 Ke8 40. Kd5 Bg5 41. Bc5 Bf4 42. h3 {Precision: White = 72%, Black = 20%.} 1-0

[Event "Turkey IS Bank Super League 2017"]
[Site "Darica-Kocaeli"]
[Date "2017.08.03"]
[Round "8"]
[White "Korobov, Anton"]
[Black "Anton Guijarro, David"]
[Result "1/2-1/2"]
[WhiteElo "2668"]
[BlackElo "2654"]
[Annotator "TA"]
[PlyCount "72"]
[EventType "team-tourn"]
[EventCountry "TUR"]

{[%evp 25,72,10,10,8,18,5,18,0,0,8,43,48,93,26,91,6,0,19,50,1,4,7,0,0,13,14,22,22,22,16,20,25,14,8,8,8,13,0,0,0,2,5,6,0,0,0,0,0,0]} 1. d4 Nf6 2. c4 e6 3. Nf3 b6 4. g3 Bb7 5. Bg2 Be7 6. O-O O-O 7. Re1 d5 8. cxd5 exd5 9. Nc3 Nbd7 10. Bf4 c5 11. Rc1 {E17: Damenindisch (Hauptfortsetzung)} Ne4 12. Nxe4 dxe4 13. Nd2 f5 {LiveBook: 3 Partien} 14. Nc4 Nf6 15. dxc5 Bxc5 {[#]} 16. a3 $146 ({Vorgänger:} 16. Bd6 Bxd6 17. Nxd6 Qd7 18. Nxb7 Qxb7 {1-0 (42) Vidit,S (2669)-Quesada Perez,Y (2636) Baku 2016}) 16... Qxd1 17. Rexd1 Rfc8 18. e3 Kf7 {[#]} 19. Bf1 (19. Bh3 $1 $16) 19... Bd5 (19... Be7 $11 {hält das Gleichgewicht.}) 20. Nd6+ (20. Ne5+ $16 Ke6 21. h4) 20... Bxd6 $1 $11 21. Bxd6 a5 22. Rc7+ Ke6 $1 {[%cal Re6d6]} 23. Bf4 g5 24. Rxc8 Rxc8 25. Bxg5 Ng4 $1 26. h3 Ne5 {[#] Droht ...Sf3+ und aus.} 27. Kg2 Rc2 28. g4 fxg4 29. Kg3 {Die Stellung ist ausgeglichen.} Rxb2 30. hxg4 b5 $1 31. Bf4 (31. Bf6 $5 {[%cal Rg4g5]}) 31... b4 32. axb4 axb4 {und nun wäre ...b3 stark für Schwarz.} 33. g5 {zielt auf Lh3+ ab.} Nd3 $1 $132 {[%mdl 2048] Schwarz has counterplay} 34. Bxd3 exd3 35. Rxd3 {Droht stark f3.} b3 36. e4 $1 Bxe4 {Precision: Weiß = 56%, Schwarz = 58%.} 1/2-1/2

[Event "Turkey IS Bank Super League 2017"]
[Site "Darica-Kocaeli"]
[Date "2017.08.03"]
[Round "8"]
[White "Zhigalko, Sergei"]
[Black "Rozum, Ivan"]
[Result "1/2-1/2"]
[WhiteElo "2648"]
[BlackElo "2573"]
[Annotator "TA"]
[PlyCount "60"]
[EventType "team-tourn"]
[EventCountry "TUR"]

{[%evp 19,60,27,0,0,11,12,19,9,20,13,15,0,27,2,18,0,0,0,0,0,0,0,0,-50,0,0,0,0,0,0,0,0,0,0,0,0,0,0,0,0,0,0,0]} 1. e4 c6 2. d4 d5 3. e5 Bf5 4. Nf3 e6 5. Be2 c5 6. O-O Nc6 7. c3 cxd4 {B12: Caro-Kann: Advance Variation} (7... Bg6 8. a3 cxd4 9. cxd4 Nge7 10. Nc3 Nc8 11. Bd3 Bh5 12. Be3 Nb6 13. b3 Rc8 14. Nb1 a6 15. h3 Na5 {½-½ (50) Najer,E (2706)-Dreev,A (2647) Sochi 2017}) 8. Nxd4 Nge7 9. Nxf5 Nxf5 10. Bd3 g6 {LiveBook: 9 Games} ({Not} 10... Nxe5 $2 11. Bxf5 exf5 12. Re1 $18) 11. Re1 Bg7 12. f4 d4 $146 ({Predecessor:} 12... O-O 13. Nd2 d4 14. Nb3 dxc3 15. bxc3 {½-½ (33) Tiemann,C (2265)-Tratberger,R (2135) ICCF email 2014}) 13. Qf3 O-O {[%cal Bh8f8,Bf8d8,Bd8d2,Bd2f2][%mdl 32]} 14. Nd2 dxc3 15. bxc3 Nb4 16. Be4 Rc8 $1 17. Ba3 {[#] Nb3 is the strong threat.} Qb6+ 18. Kh1 Rfd8 19. Bxb4 Rxd2 20. Bxb7 Rb8 21. Bc6 Rc8 {[%mdl 1024] Black has compensation.} 22. Bb7 {The position is equal.} Rb8 23. Be4 Rf2 24. Ba5 $1 {[%cal Ra5b6]} Qc5 $1 25. Bb4 $1 {[%cal Rb4c5]} Qb6 26. Ba5 $1 {[%cal Ra5b6]} Qc5 $1 27. Bb4 $1 {[%cal Rb4c5]} Qb6 28. Ba5 Qc5 $1 29. Bb4 $1 {[%cal Rb4c5]} Qb6 30. Ba5 Qc5 {Precision: White = 81%, Black = 85%.} 1/2-1/2

[Event "Turkey IS Bank Super League 2017"]
[Site "Darica-Kocaeli"]
[Date "2017.08.03"]
[Round "8"]
[White "Swiercz, Dariusz"]
[Black "Cheparinov, Ivan"]
[Result "0-1"]
[WhiteElo "2638"]
[BlackElo "2703"]
[Annotator "TA"]
[PlyCount "128"]
[EventType "team-tourn"]
[EventCountry "TUR"]

{[%evp 18,128,28,17,31,19,19,31,25,23,45,33,17,27,29,12,35,0,0,0,0,0,0,3,6,0,0,0,31,0,0,0,0,0,0,0,5,21,3,11,44,44,46,46,63,35,43,22,22,22,26,39,30,22,25,32,37,0,22,0,33,30,42,43,60,0,0,0,18,0,176,0,0,0,0,0,0,0,52,0,0,0,0,0,0,0,0,0,-8,-243,-222,-450,-450,-450,-450,-450,-446,-1032,-1042,-12842,-12843,-12841,-12840,-2651,-2003,-12844,-12844,-12845,-12845,-12846,-12846,-12848,-12848]} 1. e4 c5 2. Nf3 d6 3. d4 cxd4 4. Nxd4 Nf6 5. Nc3 a6 6. Be3 e6 7. Be2 Qc7 8. Qd2 b5 9. f3 {B84: Sicilian Scheveningen: 6 Be2 a6, lines without early Be3} (9. a3 Bb7 10. f3 Be7 11. g4 Nc6 12. O-O-O b4 13. axb4 Nxb4 14. Kb1 O-O 15. g5 Nd7 16. h4 Rab8 {0-1 (43) Bologan,V (2640)-Volokitin,A (2649) Doha 2016}) 9... Nbd7 10. a3 {LiveBook: 19 Games} h5 11. O-O-O {White is slightly better.} Be7 12. h3 h4 13. Bg5 Rb8 14. Kb1 Nb6 $146 ({Predecessor:} 14... Nc5 15. Rhg1 Bd7 16. b4 Na4 17. Nxa4 bxa4 18. Bxa6 {0-1 (30) Silin,V (2223)-Budkin,G (2309) ICCF email 2011}) 15. Rhe1 O-O 16. f4 Bb7 17. e5 (17. Bd3 {keeps more tension.} Nc4 18. Bxc4 bxc4 19. Qe3 d5 20. e5) 17... dxe5 18. fxe5 Nfd5 $1 {[%cal Rd5c3]} 19. Nxd5 Nxd5 20. Bxe7 Qxe7 21. c3 Rfd8 22. Bd3 Ba8 23. Qf2 Rdc8 24. Rc1 Qg5 25. Re4 {Black must now prevent Rf1.} (25. Rc2 {seems wilder.} Nf4 26. Be4 Bxe4 27. Rxe4 Ng6 28. Nf3) 25... Nxc3+ $1 26. Rxc3 Rxc3 27. bxc3 Bxe4 28. Bxe4 Rd8 29. Bc2 Rd5 30. Nf3 Qg3 31. Qxg3 (31. Qe2 {is interesting.} g6 32. Be4 Rd7 33. Ka2 Kg7 34. Qf1) 31... hxg3 32. Kc1 a5 33. Be4 Rc5 34. Kd2 Kf8 35. Bd3 Rd5 36. Kc2 Rc5 37. Kd2 Rd5 38. Kc2 Rc5 39. Kb3 Rd5 40. Be2 Rc5 41. Nd4 (41. c4 $14) 41... Rxe5 $11 42. Bxb5 Re1 43. Ka4 e5 $2 {[#]} (43... f5 $11) 44. Nf5 $2 (44. Ne2 $1 $18) 44... Rg1 $1 {[%cal Rg1g2]} 45. Bc6 Rc1 46. Kb3 g6 {[%cal Bg7g6,Bg6h5,Bh5h4,Bh4h3,Bh3h2][%mdl 32]} 47. Nxg3 f5 (47... Re1 $11) 48. h4 (48. Ne2 $14 Re1 49. Bb5) 48... Re1 49. h5 f4 50. Ne4 gxh5 51. c4 h4 {...f3! is the strong threat.} 52. Nc3 Re3 {Threatens to win with ...f3!} 53. Kc2 $2 {[#]} (53. c5 $11 {and White stays safe.}) 53... f3 $1 $19 {[%cal Rf3f2][%mdl 512]} 54. gxf3 $2 (54. c5 e4 55. gxf3) (54. Bxf3 h3) 54... h3 {Black is clearly winning.} 55. f4 exf4 56. Kd2 h2 57. Bh1 (57. a4 $142 f3 58. Kxe3) 57... Rg3 58. Ne2 Rg1 59. Bd5 Rf1 60. c5 Ke7 61. Be4 f3 62. Ng3 Rg1 63. Nf5+ Kf6 64. Bxf3 Kxf5 {Precision: White = 42%, Black = 81%.} 0-1

[Event "Turkey IS Bank Super League 2017"]
[Site "Darica-Kocaeli"]
[Date "2017.08.03"]
[Round "8"]
[White "Krasenkow, Michal"]
[Black "Kerigan, Demre"]
[Result "1-0"]
[WhiteElo "2630"]
[BlackElo "2354"]
[Annotator "TA"]
[PlyCount "47"]
[EventType "team-tourn"]
[EventCountry "TUR"]

{[%evp 10,47,25,17,37,36,35,37,45,15,15,-3,-9,-5,-8,-11,0,0,0,0,10,-8,0,0,0,0,0,0,103,131,117,114,158,73,65,79,145,159,577,572]} 1. d4 Nf6 2. c4 e6 3. Nf3 d5 4. Bg5 Bb4+ 5. Nbd2 O-O 6. e3 {LiveBook: 4 Games. D30: Queen's Gambit Declined: Systems without Nc3} (6. Qc2 Nbd7 7. a3 Be7 8. Rc1 c6 9. e3 b6 10. cxd5 cxd5 11. Qc6 Rb8 12. Qa4 b5 13. Qb3 a6 {1-0 (36) Bartel,M (2626)-Georgiadis,N (2423) Warsaw 2013}) 6... c5 7. a3 Bxd2+ $1 8. Qxd2 {White is slightly better.} cxd4 9. Nxd4 dxc4 $146 ({Predecessor:} 9... Nbd7 10. cxd5 exd5 11. Rc1 h6 12. Bxf6 Nxf6 13. Bd3 Ne4 {1-0 (36) Katkov,V (2061)-Evsyukov,A (1874) Voronezh 2013}) 10. Bxf6 Qxf6 11. Bxc4 Rd8 {aiming for ...e5.} 12. Qc2 e5 13. Nb5 {And now Nc7 would win.} Nc6 14. O-O Bf5 15. Qe2 e4 16. f4 exf3 17. Qxf3 g6 18. Qf4 {Strongly threatening g4.} Rac8 (18... Qe5 $11) 19. g4 $16 Ne5 {[#]} 20. Be2 $1 Rd2 {[#]} 21. Nd4 {[#]} (21. Rae1 $142 $1) 21... Rxe2 $1 {[%mdl 512]} 22. Nxe2 Nxg4 (22... Nd3 $142 23. Qd4 Qxd4 24. exd4 (24. Nxd4 Bxg4 25. Rf6 h5 $11) 24... Bxg4) 23. Nd4 {Threatens to win with Qxg4!} Rc4 $2 {[#]} (23... Qg7 $16 24. Nxf5 gxf5) 24. Qxg4 $1 {[%mdl 512] Precision: White = 56%, Black = 43%.} 1-0

[Event "Turkey IS Bank Super League 2017"]
[Site "Darica-Kocaeli"]
[Date "2017.08.03"]
[Round "8"]
[White "Salgado Lopez, Ivan"]
[Black "Pantsulaia, Levan"]
[Result "1/2-1/2"]
[WhiteElo "2622"]
[BlackElo "2585"]
[Annotator "TA"]
[PlyCount "61"]
[EventType "team-tourn"]
[EventCountry "TUR"]

{[%evp 15,61,17,43,32,58,47,59,56,58,48,39,35,34,33,32,23,45,43,61,40,72,55,45,35,42,43,35,-8,0,-1,0,0,0,-18,-12,-21,-18,-51,0,-13,0,-39,0,-25,0,-43,0,-20]} 1. Nf3 Nf6 2. c4 c5 3. g3 b6 4. Bg2 Bb7 5. O-O e6 6. d3 Be7 7. e4 d6 8. Nc3 Nc6 9. d4 {A30: Symmetrical English: Double Fianchetto and Hedgehog} (9. e5 $5 dxe5 {[#]} 10. Nxe5 $1 {[%mdl 512]} Nxe5 11. Bxb7 $14) 9... cxd4 10. Nxd4 {[#] And now e5! would win.} Rc8 (10... Nxd4 11. Qxd4 O-O 12. b3 Qc7 13. Ba3 Rfd8 14. Rfd1 a6 15. Rac1 Rab8 16. h3 Ba8 17. Rd2 Rbc8 18. Na4 Rb8 19. Nc3 Rbc8 20. Na4 Rb8 {½-½ (20) Pikula,D (2525)-Sedlak,N (2593) Vrnjacka Banja 2012}) 11. b3 {White is slightly better.} O-O 12. Bb2 Qc7 13. Rc1 Qb8 14. Nc2 $146 ({Predecessor:} 14. Re1 Rfd8 15. Nxc6 Bxc6 16. Nd5 Bxd5 17. exd5 {1-0 (37) Kollars,D (2243)-Pauly,C (2184) Goch 2014}) 14... a6 15. Qe2 Rfe8 16. Rfd1 Ba8 17. Ne3 Bf8 18. Rd2 Na7 19. Rcd1 b5 20. cxb5 axb5 21. Ng4 Nxg4 22. Qxg4 b4 23. Na4 Nb5 24. Qf3 Rc6 25. Qe3 Rec8 26. Rd3 Rc2 ({Black should play} 26... Qc7 $15) 27. R1d2 R2c6 28. Rd1 Rc2 29. R1d2 R2c6 30. Rd1 Rc2 31. R1d2 {Precision: White = 63%, Black = 58%.} 1/2-1/2

[Event "Turkey IS Bank Super League 2017"]
[Site "Darica-Kocaeli"]
[Date "2017.08.03"]
[Round "8"]
[White "Mchedlishvili, Mikheil"]
[Black "Yilmaz, Mustafa"]
[Result "1/2-1/2"]
[WhiteElo "2602"]
[BlackElo "2640"]
[Annotator "TA"]
[PlyCount "62"]
[EventType "team-tourn"]
[EventCountry "TUR"]

{[%evp 28,62,17,21,18,25,21,-1,0,-32,22,29,26,0,0,0,22,22,22,0,0,0,0,0,0,0,0,0,0,0,0,0,0,0,5,4,23]} 1. d4 Nf6 2. c4 e6 3. Nf3 d5 4. Nc3 Be7 5. Bf4 O-O 6. e3 c5 7. dxc5 Bxc5 8. a3 Nc6 9. Qc2 Qa5 10. Rd1 Re8 {D37: Queen's Gambit Declined: 5 Bf4} 11. Nd2 e5 12. Bg5 Nd4 13. Qb1 Bf5 14. Bd3 Bxd3 15. Qxd3 {[#] LiveBook: 6 Games. aiming for Bxf6.} Ne4 $1 {[%cal Re4g5]} ({Wrong is} 15... e4 $2 16. Qb1 $18) 16. cxd5 Nxc3 $1 {[#]} 17. Qxc3 $146 (17. bxc3 {with more complications.} Nb5 18. O-O Nd6 19. Nc4 Qa6 20. Nxd6 Qxd3 21. Rxd3 Bxd6 22. e4) ({Predecessor:} 17. bxc3 Nb5 18. Ne4 {½-½ (54) Le,Q (2726)-Yu,Y (2753) Danzhou 2017}) 17... Qxc3 18. bxc3 Nb5 (18... Nc2+ $15 19. Ke2 f6) 19. Ne4 $11 Bxa3 20. Rb1 a6 {The position is equal.} 21. c4 Nd6 (21... f5 $5 {[%cal Rf5e4]}) 22. Nxd6 Bxd6 23. Ke2 (23. Rb6 $5 {[%cal Rb6d6]} Ba3 24. Ke2 $11 (24. Rxb7 f6 $11)) 23... b5 24. Rhc1 bxc4 25. Rxc4 a5 26. Ra4 f6 27. Bh4 Bb4 28. f3 Rac8 29. Be1 Bxe1 30. Rxe1 Rc2+ 31. Kf1 Rb8 {Precision: White = 73%, Black = 82%.} 1/2-1/2

[Event "Turkey IS Bank Super League 2017"]
[Site "Darica-Kocaeli"]
[Date "2017.08.03"]
[Round "8"]
[White "Tari, Aryan"]
[Black "Najer, Evgeniy"]
[Result "1/2-1/2"]
[WhiteElo "2595"]
[BlackElo "2706"]
[Annotator "TA"]
[PlyCount "129"]
[EventType "team-tourn"]
[EventCountry "TUR"]

{[%evp 18,129,15,0,0,0,0,0,0,0,9,0,36,0,0,0,0,0,0,0,0,0,0,6,0,0,0,-13,0,0,2,-26,-7,-19,-15,-17,-7,-4,-7,-57,0,0,0,-8,0,0,0,-8,-8,-12,0,-30,0,0,0,-34,-31,-29,-30,-77,-19,-31,-31,-37,-33,-97,-78,-78,-78,-81,-81,-81,-78,-78,-78,-97,-97,-97,-97,-97,-97,-122,-56,-56,-56,-56,-49,-170,-56,-56,-56,-56,-56,-56,-8,-8,-8,-8,0,0,0,0,0,0,0,0,0,0,0,0,0,0,0,0]} 1. e4 c5 2. Nf3 d6 3. Bb5+ Nd7 4. O-O a6 5. Bd3 Ngf6 6. Re1 {B51: Sicilian: Moscow Variation (3 Bb5+) without 3...Bd7} e6 7. c3 b5 8. a4 c4 9. Bc2 Bb7 10. d4 {LiveBook: 6 Games} cxd3 11. Qxd3 Nc5 12. Qe2 bxa4 13. e5 $146 dxe5 14. Nxe5 Bd6 15. Bg5 h6 16. Bh4 Bxe5 17. Qxe5 Qd5 18. Qxd5 Nxd5 19. Bxa4+ Nxa4 20. Rxa4 O-O 21. Bg3 a5 22. Nd2 Bc6 23. Rc4 Ra6 24. b3 Rfa8 25. Ra1 f6 26. Rc5 e5 27. f3 Kh7 28. Nc4 {[%cal Ra1a5]} a4 (28... Nxc3 $15 29. Raxa5 Rxa5 30. Nxa5 Be8) 29. bxa4 $11 Nc7 30. Na5 Rxa5 31. Rxc6 Nd5 $1 32. Rc4 Nb6 $36 {[%mdl 2048] Black has some pressure.} 33. Rc6 Nxa4 34. h4 Nc5 (34... Nb2 $5 {[%cal Ra5a1]} 35. Rxa5 Rxa5 $11) 35. Rxa5 Rxa5 {[%mdl 4096] Endgame KRB-KRN} 36. Kh2 Nd3 37. Rd6 Nb2 38. Rc6 Rd5 ({Black should try} 38... h5 $17) 39. c4 Rd2 40. c5 Rc2 41. Rb6 (41. h5 $15) 41... Nc4 42. Rb3 Nd2 43. Rd3 Nf1+ 44. Kh3 h5 45. Bh2 Rxc5 46. Rd1 {Threatens to win with Bg1.} Ne3 47. Bg1 Nxd1 48. Bxc5 $17 {KB-KN} Nc3 49. g4 {[#]} Kg6 (49... g6 $1 $17 50. Kg2 Nd5) 50. gxh5+ $15 Kxh5 51. Bf8 $1 Kh6 52. Kg4 ({White must play} 52. f4 $1 $15) 52... Ne2 (52... Nd5 $19 53. Kf5 Nf4) 53. Bb4 Kg6 54. h5+ Kf7 55. Bd2 Nd4 56. f4 $1 {[%cal Bf3f4,Bf4f5][%mdl 32] The position is equal.} e4 {Hoping for ...Ke6.} 57. f5 $1 Nf3 58. Be3 {[#]} Ng5 $1 {[%mdl 512]} 59. Kf4 (59. Bxg5 fxg5) 59... Kg8 60. Kg3 Nf7 61. Kf4 Ng5 62. Kg3 Kh7 63. Kf4 Kh6 64. Kg4 Kh7 65. Kf4 {Precision: White = 47%, Black = 65%.} 1/2-1/2

[Event "Turkey IS Bank Super League 2017"]
[Site "Darica-Kocaeli"]
[Date "2017.08.03"]
[Round "8"]
[White "Maghsoodloo, Parham"]
[Black "Vorontsov, Pavlo"]
[Result "1/2-1/2"]
[WhiteElo "2584"]
[BlackElo "2510"]
[Annotator "TA"]
[PlyCount "73"]
[EventType "team-tourn"]
[EventCountry "TUR"]

{[%evp 14,73,28,13,68,74,70,63,57,52,52,52,55,53,57,52,58,49,70,63,77,80,73,72,67,10,31,32,32,36,29,18,12,16,10,0,0,0,0,0,0,-6,0,0,0,0,2,0,0,0,0,0,0,0,0,0,0,0,0,0,0,0]} 1. c4 c5 2. Nc3 Nc6 3. Nf3 Nf6 4. d4 cxd4 5. Nxd4 d5 6. cxd5 Nxd5 {A31: Symmetrical English: 2 Nf3 Nf6 3 d4} 7. Nxc6 bxc6 8. Bd2 {LiveBook: 12 Games} (8. Qc2 e6 9. g3 Nxc3 10. Qxc3 Qd5 11. Rg1 a5 12. a3 Bb4 13. axb4 axb4 14. Rxa8 bxc3 15. Rxc8+ {½-½ (89) Mareco,S (2592)-Iermito,S (2475) Saenz Pena 2014}) 8... g6 (8... e5 $11) 9. e4 $146 ({Predecessor:} 9. Qa4 Nb6 10. Qc2 Bg7 11. Rd1 Qc7 12. e4 Bg4 13. f3 Be6 14. Nb5 {0-1 (54) Djuric,S (2420)-Devallee,J (2284) Avoine 2016}) 9... Nb6 10. Be3 Qxd1+ 11. Nxd1 Bg7 12. Rc1 O-O 13. f3 {[%cal Bf2f3,Bf3e4][%mdl 32]} ({Don't play} 13. Rxc6 Bb7 $15) 13... f5 14. b3 fxe4 15. fxe4 Bb7 16. Nf2 Rad8 17. Be2 Bd4 18. Bxd4 Rxd4 19. Rc2 ({White should play} 19. Rc5 $14) 19... Kg7 20. Bf3 a5 21. Ke2 a4 22. Ke3 axb3 {The position is equal.} 23. axb3 Rb4 24. Rb1 {Hoping for Nd3.} Nd7 25. Nd3 Rb6 26. Bg4 Ba6 {[#] ...Bxd3 is the strong threat.} 27. Nf4 Rxf4 28. Bxd7 Rf1 29. Rxf1 Bxf1 $11 {[%mdl 4096] Endgame KRB-KRB} 30. Rc3 c5 31. g3 Bb5 32. Bg4 Be8 33. h4 e5 34. Bd1 Bf7 35. Rxc5 Bxb3 36. Be2 Kf6 37. Rb5 {Precision: White = 67%, Black = 79%.} 1/2-1/2

[Event "Turkey IS Bank Super League 2017"]
[Site "Darica-Kocaeli"]
[Date "2017.08.03"]
[Round "8"]
[White "Heberla, Bartlomiej"]
[Black "Sumer, Gun"]
[Result "1-0"]
[WhiteElo "2577"]
[BlackElo "1965"]
[Annotator "TA"]
[PlyCount "73"]
[EventType "team-tourn"]
[EventCountry "TUR"]

{[%evp 23,73,45,46,36,100,90,94,96,93,72,83,64,63,46,40,42,63,69,73,37,41,20,99,94,137,137,120,118,118,115,115,85,201,200,206,204,217,215,203,134,139,128,124,102,184,87,95,86,169,156,572,563]} 1. Nf3 Nf6 2. c4 e6 3. Nc3 d5 4. e3 Be7 5. b3 O-O 6. Bb2 c5 7. cxd5 exd5 8. d4 Bg4 9. Be2 Nc6 10. dxc5 Bxc5 11. O-O a6 12. h3 {D32: Tarrasch Defence: Sidelines and lines without g3} Bh5 {LiveBook: 3 Games} 13. Nh4 Bg6 (13... d4 $14 14. Bxh5 dxc3 15. Bxc3 Ne4 16. Qxd8 Raxd8) 14. Nxg6 $16 {White is better.} hxg6 {[#]} 15. Bf3 $1 {[%cal Rc3d5]} Ne7 {[#]} 16. Qd3 $146 ({Predecessor:} 16. Rc1 Rc8 17. Na4 Ba7 18. Rxc8 Qxc8 19. Qd3 Rd8 {1-0 (39) Khairullin,I (2652)-Ponkratov,P (2604) Berlin 2015}) 16... Qd6 17. Na4 Ba3 18. Bd4 Rad8 19. Rad1 Rfe8 20. Nc3 Nd7 21. Rfe1 {[%cal Bf1e1,Be1e2,Be2d2,Bd2d4,Bd4h4][%mdl 32]} Bb4 22. Re2 Bxc3 (22... Nf8 $11 {remains equal.}) 23. Qxc3 Nf5 24. Red2 Nxd4 25. Rxd4 Nf6 26. Qa5 {[%cal Rf3d5]} Re5 27. Rc1 Qe7 (27... Ne4 $16 {might work better.}) 28. Rc7 $18 Rd7 29. Rc8+ Kh7 30. Rh4+ Nh5 31. Qa4 Rd8 32. Rxd8 Qxd8 33. Qd4 Qg5 (33... Rf5 $16) 34. Kh2 (34. g3 $18 {is more deadly.}) 34... Kg8 35. Rg4 Qf5 (35... Qe7 $16) 36. h4 Nf6 $2 {[#]} (36... Re7 $16 {is tougher.}) 37. Rg5 {Precision: White = 49%, Black = 34%.} 1-0